La torre de las almas. Un recorrido por los mitos y creencias del mundo fenicio y orientalizante a través del monumento de Pozo Moro
সংরক্ষণ করুন:
| প্রধান লেখক: | |
|---|---|
| বিন্যাস: | গ্রন্থ |
| ভাষা: | স্প্যানিশ |
| প্রকাশিত: |
Madrid
Universidad Complutense de Madrid
2006
|
| মালা: | Gerión Anejos. Serie de Monografías, X
|
| বিষয়গুলি: | |
| ট্যাগগুলো: |
ট্যাগ যুক্ত করুন
কোনো ট্যাগ নেই, প্রথমজন হিসাবে ট্যাগ করুন!
|
MARC
| LEADER | 00000nam a2200000 a 4500 | ||
|---|---|---|---|
| 001 | UCI2404 | ||
| 003 | CL-VaPUC | ||
| 008 | 070824e20060000SP |||||||||||||||||spa|d | ||
| 020 | |a 9788495215994 | ||
| 082 | 0 | 4 | |a 939.44 |b LOP |2 21 |
| 100 | |a López Pardo, Fernando |e autor |9 535861 | ||
| 245 | 1 | 3 | |a La torre de las almas. Un recorrido por los mitos y creencias del mundo fenicio y orientalizante a través del monumento de Pozo Moro |
| 300 | |a 277 p | ||
| 942 | |c BK | ||
| 945 | |d 20070824 00:00:00 |a rbrito | ||
| 260 | |a Madrid |b Universidad Complutense de Madrid |c 2006 | ||
| 600 | 0 | 7 | |a POZO MORO |2 CL-VaPUC |9 523423 |
| 650 | 7 | |a HISTORIA DE LOS FENICIOS |2 CL-VaPUC |9 523424 | |
| 650 | 7 | |a FENICIOS |2 CL-VaPUC |9 523425 | |
| 650 | 0 | |a Arte fenicio |9 320482 | |
| 650 | 0 | |a Historia antigua |9 267521 | |
| 651 | 7 | |a FENICIA |2 CL-VaPUC |9 440524 | |
| 583 | |a last modification |c 20070824 00:00:00 |k Rodrigo Vera | ||
| 490 | 0 | |a Gerión Anejos. Serie de Monografías, X | |
| 999 | |c 326989 |d 326987 | ||
| 952 | |0 0 |1 0 |4 0 |6 939_440000000000000_LOP_2006 |7 0 |8 A |9 409324 |a BIBHIS |b BIBHIS |d 2019-11-22 |i 4363809 |o 939.44 LOP 2006 |p 4363809 |r 2025-01-20 |w 2019-11-22 |y BK |k HIS | ||